000 01213cam a2200277 a 4500
999 _c126377
_d126377
001 16468302
003 ARRUPE
005 20170411090917.0
008 100921s2011 mdu b 001 0 eng
010 _a 2010040254
020 _a9780739138847 (cloth : alk. paper)
020 _a9780739138854 (pbk. : alk. paper)
040 _aDLC
_cDLC
_dDLC
042 _apcc
050 0 0 _aB1618.A574
_bR53 2011
082 0 0 _a170.92
_222
100 1 _aRichter, Duncan.
_929743
245 1 0 _aAnscombe's moral philosophy /
_cDuncan Richter.
260 _aLanham, Md. :
_bLexington Books,
_cc2011.
300 _a181 p. ;
_c24 cm.
504 _aIncludes bibliographical references (p. 173-176) and index.
505 0 _aWar -- Consequentialism -- Obligation -- Intention -- Sex -- Conclusion.
600 1 0 _aAnscombe, G. E. M.
_q(Gertrude Elizabeth Margaret)
_929744
650 0 _aEthics.
_929745
906 _a7
_bcbc
_corignew
_d1
_eecip
_f20
_gy-gencatlg
942 _2lcc
_cMONOGRAPH